The future of mariculture: a regional approach for responsible development in the Asia-Pacific region : (Record no. 15572)

000 -LEADER
fixed length control field 01503cam a2200229 a 4500
020 ## - INTERNATIONAL STANDARD BOOK NUMBER
ISBN 9789251060070
020 ## - INTERNATIONAL STANDARD BOOK NUMBER
ISBN 925106007X
040 ## - CATALOGING SOURCE
Transcribing agency WAU
082 04 - DEWEY DECIMAL CLASSIFICATION NUMBER
Classification number 636 FOO 2008 A056 Or.
245 04 - TITLE STATEMENT
Title The future of mariculture: a regional approach for responsible development in the Asia-Pacific region :
Remainder of title FAO/NACA regional workshop, 7-11 March 2006, Guangzhou, China /
260 ## - PUBLICATION, DISTRIBUTION, ETC. (IMPRINT)
Place of publication Rome :
Name of publisher Food and Agriculture Organization of the United Nations,
Year of publication 2008.
300 ## - PHYSICAL DESCRIPTION
Number of Pages XI, 325 p. :
Other physical details ill. (some col.) ;
Dimensions 30 cm.
520 ## - SUMMARY, ETC.
Summary, etc Aquaculture in the Southeast Asian region has been growing steadily over the last few decades, requiring more space to accommodate it. The search for additional areas to expand the aquaculture industry as a whole and the identification of new farming species of commercial value to satisfy the growing local and export market are pushing the sector in some countries to broaden activities in the sea.--Publisher's description.
520 0# - SUMMARY, ETC.
Summary, etc Bangladesh; People's Republic of China; Hong Kong; India; Indonesia; Islamic Republic of Iran; Japan; Republic of Korea; Malaysia; The Philippines; Thailand; Viet Nam; Pacific Islands.
650 #0 - SUBJECT ADDED ENTRY--TOPICAL TERM
Topical Term Mariculture
700 1# - ADDED ENTRY--PERSONAL NAME
Personal name Lovatelli, Alessandro.
710 2# - ADDED ENTRY--CORPORATE NAME
Corporate name or jurisdiction name as entry element Food and Agriculture Organization of the United Nations.
710 2# - ADDED ENTRY--CORPORATE NAME
Corporate name or jurisdiction name as entry element Network of Aquaculture Centres in Asia-Pacific.
856 41 - ELECTRONIC LOCATION AND ACCESS
Uniform Resource Identifier http://www.loc.gov/catdir/toc/fy0903/2008485318.html
856 11 - ELECTRONIC LOCATION AND ACCESS
Uniform Resource Identifier ftp://ftp.fao.org/docrep/fao/011/i0202e/i0202e.pdf
942 ## - ADDED ENTRY ELEMENTS (KOHA)
Koha item type សៀវភៅភាសាអង់គ្លេស
952 ## - LOCATION AND ITEM INFORMATION (KOHA)
Withdrawn status [LOCAL, KOHA] 0
Holdings
Permanent Location Date acquired Koha item type Lost status Shelving location Barcode Current Location Full call number
Library Block A2017-12-02សៀវភៅភាសាអង់គ្លេស A056RUA060347Library Block A636 FOO 2008 A056 Or.
មជ្ឈមណ្ឌលឯការនៃសាកលវិទ្យាល័យភូមិន្ទកសិកម្មចំការដូង

Powered by Koha